Psychology : (Record no. 612620)
[ view plain ]
| 000 -LEADER | |
|---|---|
| fixed length control field | 01111cam a2200229 a 4500 |
| 001 - CONTROL NUMBER | |
| control field | 12290910 |
| 003 - CONTROL NUMBER IDENTIFIER | |
| control field | NUST |
| 005 - DATE AND TIME OF LATEST TRANSACTION | |
| control field | 20250113135751.0 |
| 008 - FIXED-LENGTH DATA ELEMENTS--GENERAL INFORMATION | |
| fixed length control field | 010126r20011961nyua b 001 0 eng |
| 010 ## - LIBRARY OF CONGRESS CONTROL NUMBER | |
| LC control number | 2001017316 |
| 020 ## - INTERNATIONAL STANDARD BOOK NUMBER | |
| International Standard Book Number | 0486416046 (pbk.) |
| 040 ## - CATALOGING SOURCE | |
| Original cataloging agency | DLC |
| Transcribing agency | DLC |
| Modifying agency | DLC |
| 082 00 - DEWEY DECIMAL CLASSIFICATION NUMBER | |
| Classification number | 150,JAM |
| 100 1# - MAIN ENTRY--PERSONAL NAME | |
| Personal name | James, William, |
| Dates associated with a name | 1842-1910. |
| 9 (RLIN) | 127520 |
| 245 10 - TITLE STATEMENT | |
| Title | Psychology : |
| Remainder of title | the briefer courser / |
| Statement of responsibility, etc. | William James. |
| 260 ## - PUBLICATION, DISTRIBUTION, ETC. | |
| Place of publication, distribution, etc. | Mineola, N.Y. : |
| Name of publisher, distributor, etc. | Dover Publications, |
| Date of publication, distribution, etc. | 2001. |
| 300 ## - PHYSICAL DESCRIPTION | |
| Extent | vii, 343 p. : |
| Other physical details | ill. ; |
| Dimensions | 21 cm. |
| 505 ## - FORMATTED CONTENTS NOTE | |
| Formatted contents note | Habit (Page-1), The Stream of Consciousness (Page-18), The Self (Page-43), Attention (Page-84), Conception (Page-106), Discrimination (Page-111), Association (Page-120), The Sense of Time (Page-147), Memory (Page-154), Imagination (Page-169), Perception (Page-179), The Perception of Space (Page-202), Reasoning (Page-218), Emotion (Page-240), Instinct (Page-258), Will (Page-282), Epilogue (Page-328). |
| 650 #0 - SUBJECT ADDED ENTRY--TOPICAL TERM | |
| Topical term or geographic name entry element | Psychology. |
| 856 42 - ELECTRONIC LOCATION AND ACCESS | |
| Materials specified | Publisher description |
| Uniform Resource Identifier | <a href="http://www.loc.gov/catdir/description/dover032/2001017316.html">http://www.loc.gov/catdir/description/dover032/2001017316.html</a> |
| 942 ## - ADDED ENTRY ELEMENTS (KOHA) | |
| Source of classification or shelving scheme | |
| Koha item type | Book |
| Classification part | 150,JAM |
| Withdrawn status | Lost status | Source of classification or shelving scheme | Damaged status | Not for loan | Permanent Location | Current Location | Shelving location | Date acquired | Total Checkouts | Total Renewals | Full call number | Barcode | Checked out | Date last seen | Date last checked out | Price effective from | Koha item type | Public note |
|---|---|---|---|---|---|---|---|---|---|---|---|---|---|---|---|---|---|---|
| Military College of Signals (MCS) | Military College of Signals (MCS) | General Stacks | 01/13/2025 | 9 | 1 | 150,JAM | MCS38858 | 05/13/2026 | 04/13/2026 | 04/13/2026 | 01/13/2025 | Book | Almirah No.46, Shelf No.2 |
